Catalog

Record Details

Catalog Search



Available copies

  • 1 of 1 copy available at LARL/NWRL Consortium.

Current holds

0 current holds with 1 total copy.

Show Only Available Copies
Location Call Number / Copy Notes Barcode Shelving Location Status Due Date
Roseau Public Library KRI (Text) 35500005293780 Main Available -

Record details

  • ISBN: 9780765332080 (pbk.)
  • ISBN: 0765332086 (pbk.)
  • Physical Description: pages cm
  • Edition: First edition.
  • Publisher: New York : Tor, 2013.

Content descriptions

General Note:
"A Tom Doherty Associates book."
Summary, etc.:
"Mist lives a normal life. She has a normal job, a ... Read More
Subject: Valkyries (Norse mythology) > Fiction.
Loki (Norse deity) > Fiction.
San Francisco (Calif.) > Fiction.
FICTION > Fantasy > General.
Genre: Fantasy fiction.
LDR 02488cam a22004938i 4500
001153917
003LARL_NWRL_CONSORTIUM
00520130710091256.0
008130320s2013 nyu 000 1 eng
010 . ‡a2013006330
020 . ‡a9780765332080 (pbk.)
020 . ‡a0765332086 (pbk.)
020 . ‡z9781429955683 (e-book)
035 . ‡a(OCoLC)794367518
040 . ‡aDLC ‡beng ‡erda ‡cDLC ‡dBTCTA ‡dBDX ‡dOCLCO ‡dOCLCQ ‡dUPZ
042 . ‡apcc
043 . ‡an-us-ca
05000. ‡aPS3611.R5445 ‡bM57 2013
08200. ‡a813/.6 ‡223
084 . ‡aFIC009000 ‡2bisacsh
1001 . ‡aKrinard, Susan. ‡0(LARL_NWRL_CONSORTIUM)139509
24510. ‡aMist ‡n#1 / ‡cSusan Krinard.
250 . ‡aFirst edition.
260 . ‡aNew York : ‡bTor, ‡c2013.
300 . ‡apages cm
336 . ‡atext ‡btxt ‡2rdacontent
337 . ‡aunmediated ‡bn ‡2rdamedia
338 . ‡avolume ‡bnc ‡2rdacarrier
4900 . ‡aMidgard; ‡v1
500 . ‡a"A Tom Doherty Associates book."
520 . ‡a"Mist lives a normal life. She has a normal job, a normal boyfriend, and a normal apartment in San Francisco. She never thinks about her past if she can help it. She survived. That's the end of it. But then a snowy winter descends upon San Francisco. In June. And in quick succession, Mist is attacked by a frost giant in a public park and runs into an elf disguised as a homeless person on the streets ... and then the man Mist believed was her mortal boyfriend reveals himself to be the trickster god, Loki, alive and well after all these years. Mist's normal world is falling apart. But thankfully, Mist isn't quite so normal herself. She's a Valkyrie, and she's going to need all her skill to thwart Loki's schemes and save modern Earth from the ravages of a battle of the gods"-- ‡cProvided by publisher.
650 0. ‡aValkyries (Norse mythology) ‡vFiction.
650 0. ‡aLoki (Norse deity) ‡vFiction.
651 0. ‡aSan Francisco (Calif.) ‡vFiction. ‡0(LARL_NWRL_CONSORTIUM)167303
650 7. ‡aFICTION ‡xFantasy ‡xGeneral. ‡2bisacsh
655 7. ‡aFantasy fiction. ‡2gsafd
948 . ‡hNO HOLDINGS IN LAL - 19 OTHER HOLDINGS
994 . ‡aZ0 ‡bLAL
901 . ‡a153917 ‡bOCLC ‡c153917 ‡tbiblio

Additional Resources